000 00405nam a22001337a 4500
999 _c18127
_d18127
008 191209b xxu||||| |||| 00| 0 eng d
020 _a9290590971
050 _aSB317
_b.G74 1992 c.1
245 _aGrevillea robusta in Agroforestry and Forestry
_bProceedings of an International Workshop
260 _aNairobi, Kenya
_bICRAF
_c1992
300 _a190p.
650 _aGrevillea robusta
942 _2lcc
_cBK